000 00625cam a22002053a 4500
001 38822
003 PGUSA
005 20140828083845.0
008 120210s2012||||xxu|||||s|||||000 | eng d
040 _aPGUSA
_beng
042 _adc
100 1 _aTurnbull, Robert
245 1 4 _aThe Genius of Scotland ;
_bor, Sketches of Scottish Scenery, Literature and Religion
_h[electronic resource] /
_cRobert Turnbull
260 _bProject Gutenberg,
_c2012
506 _aPublic domain in the USA.
516 _aElectronic text
830 0 _aProject Gutenberg
_v38822
856 4 0 _uhttp://www.gutenberg.org/ebooks/38822
942 _cEB
999 _c268076
_d268076